Normal view
MARC view
- الادارة العامة -- الاردن -- نظرية المؤسسات العامة
Entry Topical Term
001 - CONTROL NUMBER
- control field: 7249
003 - CONTROL NUMBER IDENTIFIER
- control field: JO-AjAnu
005 - DATE AND TIME OF LATEST TRANSACTION
- control field: 20230606071455.0
008 - FIXED-LENGTH DATA ELEMENTS
- fixed length control field: 230606|| aca||aabn | a|a d
040 ## - CATALOGING SOURCE
- Original cataloging agency: JO-AjAnu
- Transcribing agency: JO-AjAnu
150 ## - HEADING--TOPICAL TERM
- Topical term or geographic name entry element: الادارة العامة -- الاردن -- نظرية المؤسسات العامة
670 ## - SOURCE DATA FOUND
- Source citation: Work cat.: (JO-AjAnu)3752: شطناوي ، علي خطار , author 7248, نظرية المؤسسات العامة وتطبيقاتها في المملكة الأردنية الهاشمية